LIBRARY & INFORMATION CENTRE, KCAET, TAVANUR

ONLINE PUBLIC ACCESS CATALOGUE (OPAC)

Physical and mechanical properties of plants, fertilizers and soils (Record no. 17558)

MARC details
000 -LEADER
fixed length control field 00415nam a22001457a 4500
003 - CONTROL NUMBER IDENTIFIER
control field OSt
008 - FIXED-LENGTH DATA ELEMENTS--GENERAL INFORMATION
fixed length control field 220930b |||||||| |||| 00| 0 eng d
020 ## - INTERNATIONAL STANDARD BOOK NUMBER
ISBN 8120500148
082 ## - DEWEY DECIMAL CLASSIFICATION NUMBER
Classification number 631.8
Item number BUY/PH
100 ## - MAIN ENTRY--AUTHOR NAME
Personal name ed by, Buyanov
-- ed by, voronyuk
245 ## - TITLE STATEMENT
Title Physical and mechanical properties of plants, fertilizers and soils
260 ## - PUBLICATION, DISTRIBUTION, ETC. (IMPRINT)
Place of publication New delhi
Name of publisher Amerind publishing co.pvt ltd
300 ## - PHYSICAL DESCRIPTION
Number of Pages 528
942 ## - ADDED ENTRY ELEMENTS (KOHA)
Koha item type Books
Holdings
Withdrawn status Lost status Damaged status Collection code Home library Current library Date acquired Full call number Accession Number Koha item type
      General Books KAUAET KAUAET 30/09/2022 631.8 BUY/PH 15608 Books
free website counter